000 01330nam a2200337 a 4500
001 sweetalice00lans
003 CaSfIA
005 20210119100955.0
007 cr||||
008 890703t19891986nyu 000 1 eng
010 _a 89051271
040 _aDLC
_cDLC
_dBAKER
_dBTCTA
_dYDXCP
_dCaSfIA
020 _a0525248250 :
_c$17.95
020 _a9780525248255
035 _a(OCoLC)20613577
050 0 0 _aPR9619.3.L36
_bS94 1989
082 0 0 _a823
_220
100 1 _aLansbury, Coral.
245 1 0 _aSweet Alice /
_h[electronic resource]
_cCoral Lansbury.
250 _a1st American ed.
260 _aNew York :
_bE.P. Dutton,
_c1989, c1986.
300 _a208 p. ;
_c22 cm.
856 4 1 _uhttp://www.archive.org/details/sweetalice00lans
_zFree eBook from the Internet Archive
856 4 2 _uhttp://www.openlibrary.org/books/OL2221713M
_zAdditional information and access via Open Library
029 1 _aYDXCP
_b469738
029 1 _aNZ1
_b3560048
029 1 _aAU@
_b000006915765
942 _cEB
506 _fНеобхідна авторизація на https://archive.org/ (створення облікового запису безкоштовно)
506 _fНеобхідна авторизація на https://openlibrary.org/ (створення облікового запису безкоштовно)
999 _c554520
_d554520